[Event "LI Festival A"]
[Site "Imperia ITA"]
[Date "2009.09.03"]
[Round "6"]
[White "Lacrosse, Marc"]
[Black "Reznicek, Tomas"]
[WhiteElo "2184"]
[BlackElo "2272"]
[Result "1-0"]
[PlyCount "79"]
[EventDate "2009.08.30"]

1. d4 Nf6 2. c4 g6 3. Nc3 Bg7 4. e4 d6 5. Nf3 O-O 6. Be3 Na6 7. Be2 c5 8. d5
Nc7 9. O-O Bd7 10. a4 a6 11. a5 Rb8 12. h3 b5 13. axb6 Rxb6 14. Ra2 e5 15. Ne1
Qb8 16. Nd3 Rb3 17. f4 Rxc3 18. bxc3 Nxe4 19. Rb2 Qc8 20. fxe5 Nxc3 21. Qe1 Na4
22. Rb3 Ne8 23. Bf4 Bf5 24. Qa5 Bxd3 25. Bxd3 dxe5 26. Bg3 Qd7 27. Qxa6 e4 28.
Bxe4 Nc3 29. Bd3 f5 30. Rb7 Qc8 31. Qc6 Bd4+ 32. Kh1 Nf6 33. Rb8 Qxc6 34. Rxf8+
Kxf8 35. dxc6 Ke7 36. Ra1 Nce4 37. Ra7+ Kd8 38. Bxe4 Nxe4 39. Be1 Kc8 40. g3
1-0

[Event "LI Festival A"]
[Site "Imperia ITA"]
[Date "2009.09.03"]
[Round "6"]
[White "Mazzetta, Renato"]
[Black "Miturova, Magdalena"]
[WhiteElo "1911"]
[BlackElo "1971"]
[Result "0-1"]
[PlyCount "44"]
[EventDate "2009.08.30"]

1. e4 e5 2. Nc3 Nf6 3. g3 d5 4. exd5 Nxd5 5. Bg2 Be6 6. Nf3 Nc6 7. d3 f6 8. Qe2
Qd7 9. Bd2 Bb4 10. Ne4 Bxd2+ 11. Qxd2 Qe7 12. a3 O-O 13. O-O Rad8 14. Qe2 Bg4
15. h3 Nd4 16. Qd1 Nxf3+ 17. Bxf3 Bxh3 18. Bg2 Bxg2 19. Kxg2 f5 20. Nc3 Nxc3
21. bxc3 f4 22. g4 f3+ 0-1

[Event "LI Festival A"]
[Site "Imperia ITA"]
[Date "2009.09.03"]
[Round "6"]
[White "Mela, Riccardo"]
[Black "Morselli, Stefano"]
[WhiteElo "2029"]
[BlackElo "1921"]
[Result "1-0"]
[PlyCount "93"]
[EventDate "2009.08.30"]

1. e4 g6 2. d4 Bg7 3. Nf3 d6 4. Nc3 Nf6 5. Be2 O-O 6. O-O c6 7. h3 b5 8. a3 a5
9. Bf4 Bb7 10. e5 Ne8 11. Qc1 Nd7 12. Rd1 Qc7 13. exd6 exd6 14. Ne4 Nef6 15.
Nfg5 h6 16. Nxf6+ Nxf6 17. Nf3 g5 18. Bh2 Rfe8 19. Bd3 Qd7 20. c3 c5 21. dxc5
Bxf3 22. gxf3 Qxh3 23. Bf1 Qf5 24. cxd6 Rad8 25. Rd3 h5 26. Qd2 g4 27. Qf4 Qg6
28. Kh1 h4 29. fxg4 Nxg4 30. Qf3 Re6 31. Rd2 Rf6 32. Qg2 Qf5 33. Bd3 Nxf2+ 34.
Rxf2 Qxf2 35. Bxb5 Qxg2+ 36. Kxg2 Bf8 37. d7 Bd6 38. Re1 Bxh2 39. Re8+ Kg7 40.
Rxd8 Bg3 41. Rg8+ Kxg8 42. d8=Q+ Kg7 43. Qd4 Kg6 44. Bd3+ Kg5 45. c4 Rf4 46.
Qg7+ Kh5 47. Be2+ 1-0

[Event "LI Festival A"]
[Site "Imperia ITA"]
[Date "2009.09.03"]
[Round "6"]
[White "Meyer, Peter"]
[Black "Spinelli, Doriano"]
[WhiteElo "2051"]
[BlackElo "2115"]
[Result "1/2-1/2"]
[PlyCount "82"]
[EventDate "2009.08.30"]

1. d4 d5 2. c4 e6 3. Nf3 Be7 4. Nc3 Nf6 5. Bg5 h6 6. Bh4 O-O 7. e3 b6 8. Bxf6
Bxf6 9. cxd5 exd5 10. Bd3 Bb7 11. Rc1 c5 12. Bb1 Ba6 13. dxc5 d4 14. Ne4 Nc6
15. Qa4 Bb7 16. Rd1 Qe7 17. O-O bxc5 18. Nxf6+ Qxf6 19. Qc2 g6 20. Qxc5 dxe3
21. Qxe3 Kh7 22. b3 Rfe8 23. Qc5 Ba6 24. Rd6 Re6 25. Rxe6 Qxe6 26. Re1 Qf6 27.
h4 Rd8 28. h5 Bd3 29. Bxd3 Rxd3 30. hxg6+ fxg6 31. Rc1 Qd6 32. Qxd6 Rxd6 33. g3
Kg7 34. Rc2 Kf6 35. Kg2 Nb4 36. Re2 Nd3 37. Re4 Nc1 38. Ra4 a6 39. Ra5 Nd3 40.
Ra4 Nc1 41. Nd4 Nd3 1/2-1/2

[Event "LI Festival A"]
[Site "Imperia ITA"]
[Date "2009.09.03"]
[Round "6"]
[White "Mitura, Karel"]
[Black "Mercandelli, Claudio"]
[WhiteElo "2017"]
[BlackElo "1914"]
[Result "1-0"]
[PlyCount "63"]
[EventDate "2009.08.30"]

1. e4 Nc6 2. Nf3 d6 3. Nc3 Nf6 4. g3 e5 5. Bg2 g6 6. O-O Bg7 7. d4 O-O 8. dxe5
Nxe5 9. h3 h6 10. Nd4 Bd7 11. f4 Nc6 12. Be3 Re8 13. Qd2 Nxd4 14. Bxd4 Bc6 15.
Rae1 Qd7 16. g4 Nh7 17. Bxg7 Kxg7 18. Ne2 f6 19. Ng3 Rad8 20. c4 b5 21. b3 Qe6
22. Qd3 bxc4 23. bxc4 Qc8 24. Bf3 Bd7 25. Bd1 c6 26. Bc2 Nf8 27. Qc3 Nh7 28. e5
dxe5 29. fxe5 Rf8 30. exf6+ Nxf6 31. Re7+ Rf7 32. Qxf6+ 1-0

[Event "LI Festival A"]
[Site "Imperia ITA"]
[Date "2009.09.03"]
[Round "6"]
[White "Moroder, Stefan"]
[Black "Remille, Tristan"]
[WhiteElo "2062"]
[BlackElo "2204"]
[Result "1/2-1/2"]
[PlyCount "85"]
[EventDate "2009.08.30"]

1. e4 c5 2. Nf3 d6 3. d4 cxd4 4. Nxd4 Nf6 5. Nc3 Nc6 6. Be2 e5 7. Nb3 Be7 8.
Be3 Be6 9. f3 O-O 10. O-O Nh5 11. Qd2 Nf4 12. Nd5 Nxe2+ 13. Qxe2 Bxd5 14. exd5
Nb4 15. Qd2 Na6 16. Rac1 Qd7 17. Rfd1 Bd8 18. Kh1 Bb6 19. c4 Rfc8 20. f4 Re8
21. fxe5 Bxe3 22. Qxe3 Rxe5 23. Qg3 Rae8 24. Re1 Qf5 25. Rxe5 Rxe5 26. h3 Nb8
27. Nd4 Qg6 28. Qxg6 hxg6 29. Nb5 Re2 30. Nxd6 Rxb2 31. c5 Na6 32. c6 bxc6 33.
dxc6 Nc7 34. a4 a6 35. Rc4 Kf8 36. Nb7 Rd2 37. Kg1 Ke7 38. Re4+ Ne6 39. Rc4 Nc7
40. Kf1 Ke6 41. Re4+ Kf6 42. Rf4+ Ke7 43. Re4+ 1/2-1/2

[Event "LI Festival A"]
[Site "Imperia ITA"]
[Date "2009.09.03"]
[Round "6"]
[White "Mozny, Milos"]
[Black "Schaefer, Michael"]
[WhiteElo "2370"]
[BlackElo "2157"]
[Result "1/2-1/2"]
[PlyCount "83"]
[EventDate "2009.08.30"]

1. d4 d5 2. Nf3 Nf6 3. c4 c6 4. cxd5 cxd5 5. Nc3 Nc6 6. Bf4 Ne4 7. e3 Nxc3 8.
bxc3 g6 9. Be2 Bg7 10. O-O O-O 11. Rb1 Na5 12. Nd2 Bf5 13. Rb4 Rc8 14. Qc1 b6
15. Ba6 Ra8 16. Nb3 Nc6 17. Ra4 Bc8 18. Be2 Bb7 19. c4 dxc4 20. Rxc4 Ba6 21.
Rc2 Bxe2 22. Rxe2 Nb4 23. e4 Nd3 24. Qe3 Nxf4 25. Qxf4 Bxd4 26. e5 Bc5 27. e6
fxe6 28. Qg4 Qd5 29. Nxc5 bxc5 30. Qxe6+ Qxe6 31. Rxe6 Kf7 32. Rfe1 Rfe8 33. f4
c4 34. g3 Rac8 35. R6e3 Rc7 36. Rc1 Rd8 37. Rc2 Kf6 38. Kf2 Rd5 39. Rec3 Rh5
40. Ke3 Ra5 41. Kd4 Ra4 42. Re2 1/2-1/2

[Event "LI Festival A"]
[Site "Imperia ITA"]
[Date "2009.09.03"]
[Round "6"]
[White "Okhotnik, Vladimir"]
[Black "Di Paolo, Raffaele"]
[WhiteElo "2449"]
[BlackElo "2318"]
[Result "1/2-1/2"]
[PlyCount "131"]
[EventDate "2009.08.30"]

1. e4 e6 2. d4 d5 3. exd5 exd5 4. Nf3 Nf6 5. c4 Bb4+ 6. Nc3 O-O 7. Be2 dxc4 8.
Bxc4 Bg4 9. Be3 Nc6 10. O-O Qd7 11. a3 Bd6 12. Be2 Rad8 13. Rc1 Rfe8 14. Nb5
Nd5 15. Nxd6 Qxd6 16. Qd2 Nxe3 17. fxe3 Qh6 18. Bc4 Bxf3 19. Rxf3 Ne5 20. Rh3
Qxh3 21. Bxf7+ Kxf7 22. Rf1+ Nf3+ 23. Rxf3+ Qxf3 24. gxf3 c6 25. Qa5 Rd5 26.
Qxa7 Rb5 27. d5 Rd8 28. b4 Rdxd5 29. Kf2 Rd7 30. e4 Rh5 31. Qb8 Rxh2+ 32. Kg3
Rh6 33. e5 Re6 34. Qc8 Rde7 35. f4 g5 36. f5 Rxe5 37. Kg4 h6 38. Qh8 Re4+ 39.
Kg3 Re3+ 40. Kf2 Re2+ 41. Kf1 R2e4 42. Kg2 Rf4 43. Qh7+ Kf6 44. Qxh6+ Kxf5 45.
Qf8+ Ke6 46. Qg8+ Kf6 47. Qh8+ Kg6 48. Qg8+ Kf6 49. Qh8+ Kf5 50. Qf8+ Ke6 51.
Qg8+ Rff7 52. Kg3 Kd6 53. Qd8+ Rd7 54. Qa5 Ke6 55. Qa7 Kf5 56. Qf2+ Kg6 57.
Qc2+ Rf5 58. Qc4 Rdd5 59. Qc2 Kg7 60. Qc3+ Kf7 61. Qh8 Ke7 62. Qb8 Rd7 63. Kg4
Rfd5 64. Qh2 R5d6 65. Qh7+ Kf6 66. Qh8+ 1/2-1/2

[Event "LI Festival A"]
[Site "Imperia ITA"]
[Date "2009.09.03"]
[Round "6"]
[White "Ornati, Gianmaria"]
[Black "Tomassoni, Leonardo"]
[WhiteElo "1906"]
[BlackElo "1951"]
[Result "0-1"]
[PlyCount "46"]
[EventDate "2009.08.30"]

1. d4 Nf6 2. c4 c5 3. d5 e6 4. Nc3 exd5 5. cxd5 d6 6. e4 g6 7. Bd3 Bg7 8. Nge2
a6 9. a4 b6 10. O-O Bg4 11. f3 Bc8 12. Be3 Nbd7 13. Ng3 Ne5 14. Be2 h5 15. f4
Neg4 16. Bd2 Nxh2 17. Kxh2 Ng4+ 18. Bxg4 hxg4+ 19. Kg1 Bd4+ 20. Rf2 Qh4 21.
Nce2 a5 22. Qb3 Ba6 23. Kf1 Qh1+ 0-1

[Event "LI Festival A"]
[Site "Imperia ITA"]
[Date "2009.09.03"]
[Round "6"]
[White "Pepino, Enrico"]
[Black "Faraci, Antonino"]
[WhiteElo "2110"]
[BlackElo "2009"]
[Result "1-0"]
[PlyCount "65"]
[EventDate "2009.08.30"]

1. e4 c5 2. Nf3 d6 3. d4 cxd4 4. Nxd4 Nf6 5. Nc3 g6 6. Bc4 Bg7 7. h3 Nc6 8. Be3
Bd7 9. Bb3 O-O 10. O-O Nxd4 11. Bxd4 b5 12. Re1 a5 13. a4 b4 14. Nd5 e5 15. Bb6
Qe8 16. Nc7 Qe7 17. Nxa8 Rxa8 18. Be3 h6 19. Qd2 Kh7 20. Rad1 Bf8 21. f3 Qe8
22. Ra1 g5 23. g4 Qe7 24. Red1 Be8 25. Rac1 Qb7 26. h4 gxh4 27. Qh2 Bc6 28.
Qxh4 Bg7 29. Rxd6 Ne8 30. Rxh6+ Bxh6 31. Qxh6+ Kg8 32. Qg5+ Kh8 33. Bxf7 1-0

[Event "LI Festival A"]
[Site "Imperia ITA"]
[Date "2009.09.03"]
[Round "6"]
[White "Poloch, Petr"]
[Black "Payen, Arnaud"]
[WhiteElo "2274"]
[BlackElo "2368"]
[Result "1/2-1/2"]
[PlyCount "23"]
[EventDate "2009.08.30"]

1. c4 Nf6 2. Nc3 c5 3. Nf3 b6 4. e4 d6 5. d4 cxd4 6. Nxd4 Bb7 7. f3 e6 8. Be3
Be7 9. Be2 O-O 10. O-O Nbd7 11. Qd2 Qb8 12. Rfd1 1/2-1/2

[Event "LI Festival A"]
[Site "Imperia ITA"]
[Date "2009.09.03"]
[Round "6"]
[White "Ricci, Marco"]
[Black "Dritsakos, Alessio"]
[WhiteElo "2128"]
[BlackElo "1920"]
[Result "1-0"]
[PlyCount "75"]
[EventDate "2009.08.30"]

1. e4 e5 2. Nf3 Nc6 3. Bb5 a6 4. Bxc6 dxc6 5. O-O f6 6. d4 exd4 7. Nxd4 c5 8.
Nb3 Qxd1 9. Rxd1 Be6 10. Bf4 c4 11. Nd4 O-O-O 12. Nc3 Bf7 13. Nf5 Re8 14. f3
Ne7 15. Nxe7+ Bxe7 16. Kf2 Rd8 17. Rxd8+ Rxd8 18. Rd1 Rxd1 19. Nxd1 Kd7 20. Ke3
Bc5+ 21. Kd2 Bd4 22. Be3 c5 23. c3 Bxe3+ 24. Kxe3 Kd6 25. h4 h6 26. Kf4 Ke6 27.
Ke3 g5 28. hxg5 hxg5 29. g3 Bh5 30. Nf2 b5 31. Nh3 Kd6 32. g4 Be8 33. f4 Bd7
34. fxg5 Bxg4 35. Nf2 Be6 36. gxf6 Ke5 37. Ng4+ Kd6 38. Kf4 1-0

[Event "LI Festival A"]
[Site "Imperia ITA"]
[Date "2009.09.03"]
[Round "6"]
[White "Salvador, Roland"]
[Black "Arlandi, Ennio"]
[WhiteElo "2447"]
[BlackElo "2426"]
[Result "1-0"]
[PlyCount "73"]
[EventDate "2009.08.30"]

1. d4 Nf6 2. Nf3 g6 3. c4 Bg7 4. Nc3 d5 5. cxd5 Nxd5 6. e4 Nxc3 7. bxc3 c5 8.
Rb1 O-O 9. Be2 b6 10. O-O Bb7 11. Qd3 Qc7 12. e5 e6 13. Bg5 Nc6 14. Qe3 Ne7 15.
dxc5 Nd5 16. Qd2 Qxc5 17. c4 Nc7 18. Rfd1 Rac8 19. Be3 Qc6 20. Bh6 Na6 21. Bxg7
Kxg7 22. Qg5 Nc5 23. Nd4 Qa4 24. h4 h6 25. Qf6+ Kh7 26. h5 Be4 27. Rbc1 gxh5
28. Bxh5 Qe8 29. Nb5 Rg8 30. f3 Bg6 31. Nd6 Qa4 32. Nxc8 Bxh5 33. Ne7 Rg7 34.
Rd8 Nd7 35. Qf4 Qxa2 36. Qe4+ Bg6 37. Qa8 1-0

[Event "LI Festival A"]
[Site "Imperia ITA"]
[Date "2009.09.03"]
[Round "6"]
[White "Sarno, Spartaco"]
[Black "Astengo, Marcello"]
[WhiteElo "2324"]
[BlackElo "2117"]
[Result "1-0"]
[PlyCount "95"]
[EventDate "2009.08.30"]

1. Nf3 d5 2. c4 c6 3. b3 Bf5 4. Bb2 Nd7 5. g3 Ngf6 6. Bg2 h6 7. d3 e6 8. O-O
Be7 9. Nbd2 O-O 10. a3 Re8 11. b4 Bh7 12. Qb3 Qc7 13. Rac1 Rad8 14. Rfe1 Qb8
15. e4 Nf8 16. e5 N6d7 17. c5 b6 18. d4 bxc5 19. dxc5 f6 20. exf6 Bxf6 21. Bxf6
Nxf6 22. Ne5 Rc8 23. f4 Bf5 24. Bf1 N8d7 25. Ndf3 Nxe5 26. Nxe5 Ng4 27. Nxg4
Bxg4 28. Ba6 Rcd8 29. Re5 Rf8 30. Rce1 Rf6 31. Qc3 Rdf8 32. Bf1 Bf5 33. Qd4 Qc7
34. a4 Bc2 35. b5 Bf5 36. b6 axb6 37. cxb6 Qd6 38. Rc1 g5 39. fxg5 hxg5 40. a5
Ra8 41. Re3 e5 42. Qxe5 Bc8 43. Qxd6 Rxd6 44. Re8+ Kf7 45. Rxc8 Rxc8 46. b7 Rf8
47. a6 Rd7 48. Rxc6 1-0

[Event "LI Festival A"]
[Site "Imperia ITA"]
[Date "2009.09.03"]
[Round "6"]
[White "Stoppa, Omar"]
[Black "Gioseffi, Massimiliano"]
[WhiteElo "2261"]
[BlackElo "2110"]
[Result "1/2-1/2"]
[PlyCount "85"]
[EventDate "2009.08.30"]

1. e4 e6 2. d4 d5 3. Nd2 Nf6 4. e5 Nfd7 5. Bd3 c5 6. c3 Nc6 7. Ne2 cxd4 8. cxd4
f6 9. f4 fxe5 10. fxe5 Nxd4 11. O-O Qb6 12. Kh1 Nxe5 13. Nb3 Ndc6 14. Ned4 Bd7
15. Nxc6 Nxd3 16. Qh5+ g6 17. Qf3 Bxc6 18. Qf7+ Kd8 19. Bg5+ Kc8 20. Qxe6+ Bd7
21. Rac1+ Nxc1 22. Rxc1+ Qc5 23. Rxc5+ Bxc5 24. Qxd5 Bb6 25. Nc5 Bxc5 26. Qxc5+
Bc6 27. b4 Re8 28. Be7 a6 29. h4 Kc7 30. Qe5+ Kc8 31. Qg7 Kd7 32. Bc5+ Ke6 33.
Qxh7 Be4 34. h5 Rad8 35. h6 Rd2 36. Qg7 Rxg2 37. h7 g5 38. Qg8+ Rxg8 39.
hxg8=Q+ Kf5 40. Qh7+ Kf4 41. Qf7+ Kg3 42. Bd6+ Kh4 43. Qc4 1/2-1/2

[Event "LI Festival A"]
[Site "Imperia ITA"]
[Date "2009.09.03"]
[Round "6"]
[White "Sulava, Nenad"]
[Black "Jurek, Josef"]
[WhiteElo "2549"]
[BlackElo "2353"]
[Result "1-0"]
[PlyCount "121"]
[EventDate "2009.08.30"]

1. d4 e6 2. Nf3 Nf6 3. c4 b6 4. e3 Bb7 5. Bd3 Bb4+ 6. Nbd2 c5 7. O-O cxd4 8.
exd4 O-O 9. a3 Be7 10. Qe2 d5 11. b3 Nc6 12. Bb2 Rc8 13. Rac1 Re8 14. c5 a5 15.
Bb5 Nd7 16. b4 axb4 17. Bxc6 Bxc6 18. axb4 Rb8 19. Qa6 Qc8 20. Qa3 Qb7 21. Bc3
Bf6 22. Rb1 bxc5 23. bxc5 Qc7 24. Rxb8 Qxb8 25. Nb3 Qb5 26. Na5 Ra8 27. Qb4 Bd8
28. Nxc6 Qxc6 29. g3 g6 30. Qb2 Rb8 31. Qa2 Bf6 32. Qd2 Rb3 33. Rc1 Qb5 34. Kg2
Kg7 35. g4 Nb8 36. h4 Nc6 37. h5 Rb1 38. h6+ Kg8 39. Rxb1 Qxb1 40. Qf4 Be7 41.
Ne5 Nxe5 42. Qxe5 Qe4+ 43. Qxe4 dxe4 44. c6 Bd8 45. Bb4 Bc7 46. g5 f6 47. gxf6
Kf7 48. Be7 Ke8 49. Kh3 Kf7 50. Kg4 Ke8 51. Bb4 Kf7 52. Bd2 Kxf6 53. Bf4 Bxf4
54. Kxf4 Ke7 55. Kxe4 Kd6 56. Kf4 Kxc6 57. Ke5 Kd7 58. Kf6 Kd6 59. Kg7 Ke7 60.
Kxh7 Kf7 61. f4 1-0

[Event "LI Festival A"]
[Site "Imperia ITA"]
[Date "2009.09.03"]
[Round "6"]
[White "Van Hoolandt, Patrick"]
[Black "Parodi, Alessandro"]
[WhiteElo "2233"]
[BlackElo "2093"]
[Result "1/2-1/2"]
[PlyCount "72"]
[EventDate "2009.08.30"]

1. d4 Nf6 2. c4 g6 3. Nc3 Bg7 4. e4 d6 5. Nf3 O-O 6. Be3 Ng4 7. Bg5 h6 8. Bh4
g5 9. Bg3 c5 10. d5 Qa5 11. Rc1 Nd7 12. h4 Nge5 13. hxg5 Nxf3+ 14. Qxf3 hxg5
15. Qh5 Nf6 16. Qxg5 Nxe4 17. Qh4 f5 18. Be2 Rf6 19. Qh7+ Kf8 20. Bf4 e5 21.
Bh6 Rxh6 22. Rxh6 Bxh6 23. Qxh6+ Ke7 24. Qg7+ Kd8 25. Qf8+ Kc7 26. a3 Nxc3 27.
Rxc3 Rb8 28. Kf1 Bd7 29. Qg7 Qb6 30. b3 Qa5 31. Rh3 Qxa3 32. g4 Qc1+ 33. Kg2
Qd2 34. Rh7 Rd8 35. Kf1 Qc1+ 36. Kg2 Qd2 1/2-1/2

[Event "LI Festival A"]
[Site "Imperia ITA"]
[Date "2009.09.03"]
[Round "6"]
[White "Vuelban, Virgilio"]
[Black "Mitura, Vaclav"]
[WhiteElo "2404"]
[BlackElo "2194"]
[Result "1/2-1/2"]
[PlyCount "82"]
[EventDate "2009.08.30"]

1. e4 c6 2. d4 d5 3. Nc3 dxe4 4. Nxe4 Nd7 5. Bc4 Ngf6 6. Ng5 e6 7. Qe2 Nb6 8.
Bd3 h6 9. N5f3 c5 10. dxc5 Bxc5 11. Ne5 Nfd7 12. Ngf3 Qc7 13. O-O Nxe5 14. Nxe5
Nd7 15. Bf4 Bd6 16. Bb5 O-O 17. Nxd7 Bxd7 18. Bxd6 Qxd6 19. Rfd1 Bxb5 20. Qxb5
Qc7 21. c4 Rfd8 22. g3 Rac8 23. b3 a6 24. Qb4 Rd7 25. Rd2 Rxd2 26. Qxd2 Rd8 27.
Qb4 Rd4 28. a4 Qd7 29. Qb6 Rd6 30. Qb4 Rd4 31. Re1 f6 32. Qc5 e5 33. Kg2 Kf7
34. Re3 Rd1 35. Rc3 Rd4 36. a5 Qf5 37. Re3 Qb1 38. Qc8 Rd1 39. Qh3 Rg1+ 40. Kf3
Rh1 41. Re2 Qf1 1/2-1/2

[Event "LI Festival A"]
[Site "Imperia ITA"]
[Date "2009.09.04"]
[Round "7"]
[White "Arlandi, Ennio"]
[Black "Poloch, Petr"]
[WhiteElo "2426"]
[BlackElo "2274"]
[Result "1-0"]
[PlyCount "103"]
[EventDate "2009.08.30"]

1. d4 Nf6 2. c4 e6 3. Nc3 Bb4 4. Qc2 c5 5. dxc5 O-O 6. a3 Bxc5 7. Nf3 b6 8. Bf4
Bb7 9. Rd1 Nc6 10. b4 Nh5 11. Bc1 Be7 12. e4 Rc8 13. Be2 Qc7 14. O-O Nf6 15.
Rfe1 a6 16. Bb2 d6 17. Qb1 Nd7 18. Na4 Rfd8 19. Bf1 Bf6 20. Bxf6 Nxf6 21. Rc1
Ne7 22. h3 Ng6 23. Nd2 Nd7 24. Qb2 Rb8 25. Qd4 Ba8 26. Rc3 Nde5 27. Rec1 a5 28.
R3c2 axb4 29. axb4 Qd7 30. Ra2 Nc6 31. Qb2 e5 32. Rca1 Qc7 33. Nc3 Nd4 34. Ra7
Qc8 35. Qa2 Bb7 36. Nd5 Bxd5 37. cxd5 Qc3 38. Rb1 Nf4 39. Nc4 Nb5 40. Ra6 Qd4
41. Re1 Re8 42. Qb3 f5 43. Ne3 Nc3 44. Nxf5 Qd2 45. Raa1 Rf8 46. Qc4 Rbc8 47.
Ne7+ Kh8 48. Nxc8 Nxh3+ 49. gxh3 b5 50. Qc6 h5 51. Nxd6 Rf6 52. Qc8+ 1-0

[Event "LI Festival A"]
[Site "Imperia ITA"]
[Date "2009.09.04"]
[Round "7"]
[White "Astengo, Marcello"]
[Black "Stoppa, Omar"]
[WhiteElo "2117"]
[BlackElo "2261"]
[Result "1/2-1/2"]
[PlyCount "93"]
[EventDate "2009.08.30"]

1. d4 e6 2. c4 Nf6 3. Nc3 d5 4. cxd5 exd5 5. Bg5 Nbd7 6. e3 c6 7. Qc2 Bd6 8.
Bd3 h6 9. Bh4 O-O 10. Nf3 Re8 11. O-O Nf8 12. Rae1 Bg4 13. Nd2 Be7 14. f3 Be6
15. Nb3 b6 16. Rc1 g5 17. Bf2 c5 18. Bb5 Bd7 19. dxc5 bxc5 20. Rfd1 Bxb5 21.
Nxb5 Rb8 22. Nc3 c4 23. Nd4 Bc5 24. Nc6 Qb6 25. Nxb8 Bxe3 26. Nxd5 Nxd5 27.
Rxd5 Rxb8 28. Bxe3 Qxe3+ 29. Kh1 Ne6 30. Qd2 Qb6 31. Rxc4 Qxb2 32. Rc8+ Kg7 33.
Rxb8 Qxb8 34. Qc3+ Kg6 35. Qc2+ Kg7 36. h3 Qg3 37. Qc3+ Kg6 38. Rd7 Nf4 39.
Qc2+ Kg7 40. Rxa7 Qe1+ 41. Kh2 Ne2 42. Qb2+ Kg6 43. Ra6+ Kh7 44. Rxh6+ Kxh6 45.
Qf6+ Kh7 46. Qxf7+ Kh6 47. Qf6+ 1/2-1/2

[Event "LI Festival A"]
[Site "Imperia ITA"]
[Date "2009.09.04"]
[Round "7"]
[White "Barletta, Mauro"]
[Black "Cavatorta, Fosco"]
[WhiteElo "2191"]
[BlackElo "1941"]
[Result "1-0"]
[PlyCount "139"]
[EventDate "2009.08.30"]

1. e4 d6 2. d4 Nf6 3. Nc3 Nbd7 4. f4 e5 5. Nf3 c6 6. a4 Qc7 7. Bc4 Be7 8. O-O
exd4 9. Nxd4 d5 10. exd5 Nb6 11. Bb3 Nbxd5 12. Nxd5 Nxd5 13. Nb5 Qb6+ 14. Kh1
O-O 15. Bxd5 cxb5 16. a5 Qc7 17. Be3 Rd8 18. Qh5 Bf6 19. c3 Bg4 20. Bxf7+ Qxf7
21. Qxg4 Qb3 22. Rae1 Qxb2 23. Qe6+ Kh8 24. Bxa7 Qxc3 25. Bb6 Rf8 26. Rc1 Qd3
27. Rfd1 Rae8 28. Rxd3 Rxe6 29. Rb3 Rfe8 30. g3 g5 31. fxg5 Bxg5 32. Bd4+ Kg8
33. Rc5 Be3 34. Bxe3 Rxe3 35. Rxe3 Rxe3 36. Rxb5 Re7 37. Kg2 Rf7 38. g4 Kg7 39.
Kg3 h6 40. h3 Kg6 41. Rb6+ Kg7 42. Rb5 Kg6 43. h4 Kg7 44. Rf5 Rc7 45. Re5 Rf7
46. Re4 Kg6 47. Rf4 Rc7 48. h5+ Kg7 49. Rd4 Rf7 50. Rd6 Rc7 51. Rd5 Rf7 52. Re5
Kh7 53. Rf5 Rc7 54. g5 hxg5 55. Rxg5 Rc4 56. Rb5 Kh6 57. Kf3 Rc7 58. Ke4 Rg7
59. Kd4 Rc7 60. Rc5 Rf7 61. Kc4 Rf1 62. Rb5 Ra1 63. Kc5 Re1 64. Kb6 Re7 65. Ka7
b6+ 66. Kxb6 Re6+ 67. Kc7 Re7+ 68. Kd8 Ra7 69. Kc8 Kg7 70. Rb7+ 1-0

[Event "LI Festival A"]
[Site "Imperia ITA"]
[Date "2009.09.04"]
[Round "7"]
[White "Blasco, Domenico"]
[Black "Cornaggia, Ranieri"]
[WhiteElo "1984"]
[BlackElo "1933"]
[Result "1-0"]
[PlyCount "121"]
[EventDate "2009.08.30"]

1. d4 Nf6 2. Nf3 g6 3. e3 Bg7 4. Be2 O-O 5. O-O d6 6. c4 Nbd7 7. Nc3 c5 8. b3
a6 9. Bb2 Rb8 10. Qd2 e6 11. Rfd1 Qc7 12. Ng5 b6 13. dxc5 Nxc5 14. b4 Nb7 15.
Nce4 Nxe4 16. Nxe4 e5 17. Rac1 Rd8 18. Nc3 Re8 19. Nd5 Qd8 20. a3 Be6 21. e4 a5
22. Qe3 Bxd5 23. Rxd5 axb4 24. axb4 Qc7 25. Rcd1 Bf8 26. f4 Bh6 27. g3 Qe7 28.
Qxb6 Nc5 29. Qxd6 Qxd6 30. Rxd6 Nxe4 31. Bxe5 Rxb4 32. Rd8 Kf8 33. R1d4 Nc3 34.
Bd6+ Kg8 35. Bxb4 Nxe2+ 36. Kf2 Nxd4 37. Rxd4 Bg7 38. Rd7 Bf8 39. Bxf8 Kxf8 40.
Kf3 Rc8 41. Rd4 Ke7 42. Ke4 Ke6 43. Kd3 h5 44. Kc3 Rc7 45. Rd2 Rc8 46. Kb4 Rb8+
47. Kc5 Rc8+ 48. Kb5 Rb8+ 49. Ka6 Rc8 50. Rd4 Kf5 51. Kb7 Re8 52. Rd2 Kg4 53.
c5 Re1 54. Rb2 Kh3 55. c6 h4 56. gxh4 Kxh4 57. c7 Re7 58. Kb8 Re8+ 59. c8=Q
Rxc8+ 60. Kxc8 Kg4 61. Rf2 1-0

[Event "LI Festival A"]
[Site "Imperia ITA"]
[Date "2009.09.04"]
[Round "7"]
[White "Borsos, Bogdan"]
[Black "Okhotnik, Vladimir"]
[WhiteElo "2289"]
[BlackElo "2449"]
[Result "1/2-1/2"]
[PlyCount "98"]
[EventDate "2009.08.30"]

1. e4 c5 2. Nf3 d6 3. d4 cxd4 4. Nxd4 Nf6 5. Nc3 Nc6 6. Bg5 e6 7. Qd2 a6 8.
O-O-O Qb6 9. Nb3 Qc7 10. Kb1 b5 11. Bd3 Be7 12. h4 h6 13. Bf4 b4 14. Ne2 e5 15.
Bh2 a5 16. f3 a4 17. Nbc1 Nd7 18. Bg1 Rb8 19. g4 Na5 20. Ng3 Nb6 21. Bb5+ Kf8
22. Bxb6 Rxb6 23. Bxa4 Nc4 24. Qe1 g6 25. Nf1 Be6 26. Ne3 Nxe3 27. Qxe3 Kg7 28.
Bb3 Rc8 29. Rh2 Rc6 30. Bxe6 fxe6 31. Qb3 Rc4 32. h5 Bg5 33. hxg6 Qc6 34. Rf2
Kxg6 35. Nd3 Qb6 36. Rh2 Qa5 37. Rf1 Kh7 38. Rd1 R8c6 39. Re2 Kg7 40. Nf2 Qc7
41. Nh3 Bf6 42. Rg1 Kf8 43. f4 Ke7 44. Reg2 Qd8 45. Qa4 Kd7 46. b3 Rd4 47. Qa7+
Rc7 48. Qa4+ Rc6 49. Qa7+ Rc7 1/2-1/2

[Event "LI Festival A"]
[Site "Imperia ITA"]
[Date "2009.09.04"]
[Round "7"]
[White "Brunner, Werner"]
[Black "Moroder, Stefan"]
[WhiteElo "2178"]
[BlackElo "2062"]
[Result "1/2-1/2"]
[PlyCount "38"]
[EventDate "2009.08.30"]

1. d4 Nf6 2. Nf3 c5 3. e3 e6 4. Bd3 b6 5. O-O Be7 6. Nbd2 Bb7 7. b3 O-O 8. Bb2
d6 9. Re1 Nbd7 10. c4 Rc8 11. Rc1 Qc7 12. e4 cxd4 13. Nxd4 a6 14. Bb1 Rfe8 15.
Qe2 Bf8 16. Nf1 Qb8 17. Ng3 g6 18. Rcd1 h5 19. Nf3 e5 1/2-1/2

[Event "LI Festival A"]
[Site "Imperia ITA"]
[Date "2009.09.04"]
[Round "7"]
[White "Di Lascio, Savino"]
[Black "Meyer, Peter"]
[WhiteElo "2012"]
[BlackElo "2051"]
[Result "0-1"]
[PlyCount "164"]
[EventDate "2009.08.30"]

1. Nf3 c5 2. e4 g6 3. Bc4 Bg7 4. O-O Nc6 5. Re1 d6 6. c3 e6 7. d4 cxd4 8. cxd4
Nge7 9. d5 Ne5 10. dxe6 fxe6 11. Ng5 Nxc4 12. Qa4+ Nc6 13. Qxc4 Qe7 14. Nc3 O-O
15. f4 Nd4 16. Qd3 h6 17. Nh3 Bd7 18. Be3 e5 19. Bxd4 exd4 20. Nd5 Qh4 21. Nf2
Bc6 22. g3 Qd8 23. Qb3 Kh7 24. Rac1 Qd7 25. Nd3 h5 26. N3b4 Rab8 27. Qf3 a5 28.
Nb6 Qe8 29. N4d5 d3 30. Qxd3 Bxb2 31. Rc2 Bg7 32. Qa3 Bd4+ 33. Kf1 Qe6 34. Qd3
Bc5 35. Kg2 Rf7 36. Rce2 Qe8 37. Qf3 Qd8 38. Rb1 Qf8 39. h4 Re8 40. Kh2 Qg7 41.
f5 Qe5 42. Nf4 Rxf5 43. Nc4 Qd4 44. Nd2 Rff8 45. Qb3 a4 46. Qc2 Qf6 47. Nf3 Bd4
48. Nxd4 Qxd4 49. e5 Rxf4 50. gxf4 Qxf4+ 51. Kg1 Qg3+ 52. Rg2 Qxg2+ 53. Qxg2
Bxg2 54. Kxg2 Rxe5 55. Rxb7+ Kh6 56. Kf3 Rf5+ 57. Kg3 Rc5 58. Ra7 Rc4 59. Rd7
Rg4+ 60. Kh3 Rd4 61. Kg3 a3 62. Kh3 Rd3+ 63. Kg2 Rd2+ 64. Kg3 Rxa2 65. Rxd6 Rb2
66. Ra6 a2 67. Kh3 Kg7 68. Kg3 Kf7 69. Kh3 Ke7 70. Kg3 Kd7 71. Kf4 Kc7 72. Kg5
Kb7 73. Ra3 Rg2+ 74. Kh6 Kb6 75. Ra8 Kb5 76. Rxa2 Rxa2 77. Kxg6 Kc5 78. Kxh5
Rg2 79. Kh6 Kd6 80. h5 Ke6 81. Kh7 Kf7 82. h6 Rg6 0-1

[Event "LI Festival A"]
[Site "Imperia ITA"]
[Date "2009.09.04"]
[Round "7"]
[White "Di Paolo, Raffaele"]
[Black "Sulava, Nenad"]
[WhiteElo "2318"]
[BlackElo "2549"]
[Result "1/2-1/2"]
[PlyCount "67"]
[EventDate "2009.08.30"]

1. e4 e5 2. Nf3 Nc6 3. Bb5 Nf6 4. O-O Nxe4 5. d4 Nd6 6. Bxc6 dxc6 7. dxe5 Nf5
8. Qxd8+ Kxd8 9. Nc3 Bd7 10. b3 Kc8 11. Ne4 b6 12. Rd1 a5 13. a4 Be7 14. Bb2
Be6 15. Nfg5 Bxg5 16. Nxg5 Kb7 17. Rd3 Rad8 18. Rad1 Rxd3 19. Rxd3 h5 20. g3 b5
21. Nxe6 fxe6 22. Bd4 Ne7 23. Bc5 Nd5 24. c4 bxc4 25. bxc4 Nb6 26. Bxb6 Kxb6
27. Rd7 g5 28. Re7 Kc5 29. Rxe6 Rb8 30. f4 g4 31. f5 Kd4 32. Kf2 Rb2+ 33. Ke1
Kd3 34. f6 1/2-1/2